Катя : (Record no. 245869)
[ view plain ]
| 000 -LEADER | |
|---|---|
| fixed length control field | 00653nam a2200193 a 4500 |
| 001 - CONTROL NUMBER | |
| control field | 000597508 |
| 003 - CONTROL NUMBER IDENTIFIER | |
| control field | AM-YeHGA |
| 005 - DATE AND TIME OF LATEST TRANSACTION | |
| control field | 20250617141818.0 |
| 008 - FIXED-LENGTH DATA ELEMENTS--GENERAL INFORMATION | |
| fixed length control field | 080904s1959 ||| r 000 0 rus d |
| 040 ## - CATALOGING SOURCE | |
| Original cataloging agency | AM-YeHGA |
| 041 1# - LANGUAGE CODE | |
| Language code of text/sound track or separate title | rus |
| Language code of original | oss |
| 090 ## - LOCALLY ASSIGNED LC-TYPE CALL NUMBER (OCLC); LOCAL CALL NUMBER (RLIN) | |
| -- | 247457 |
| 100 1# - MAIN ENTRY--PERSONAL NAME | |
| Personal name | Токаев, Ашах Инусович |
| 245 10 - TITLE STATEMENT | |
| Title | Катя : |
| Remainder of title | Повесть / |
| Statement of responsibility, etc. | Ашах Токаев; Пер. с осетин. Х. Мугуева. |
| 260 ## - PUBLICATION, DISTRIBUTION, ETC. | |
| Place of publication, distribution, etc. | Москва : |
| Name of publisher, distributor, etc. | Сов. Россия, |
| Date of publication, distribution, etc. | 1959. |
| 300 ## - PHYSICAL DESCRIPTION | |
| Extent | 111 с. : |
| Other physical details | ил. |
| 653 0# - INDEX TERM--UNCONTROLLED | |
| Uncontrolled term | Осетинская литература (х. л.) |
| 700 1# - ADDED ENTRY--PERSONAL NAME | |
| Personal name | Мугуев, Хаджи-Мурат |
| Relator term | пер. |
| Relationship | trl |
| Withdrawn status | Lost status | Damaged status | Not for loan | Collection | Home library | Current library | Date acquired | Cost, normal purchase price | Total checkouts | Full call number | Barcode | Date last seen | Price effective from | Koha item type | Public note | Source of classification or shelving scheme |
|---|---|---|---|---|---|---|---|---|---|---|---|---|---|---|---|---|
| General | Fundamental Scientific Library | Fundamental Scientific Library | 28/12/2016 | 2.00 | PI/1254 | FL0072682 | 28/12/2016 | 28/12/2016 | Գրքեր / Books | 30 Days Loan | ||||||
| General | Fundamental Scientific Library | Fundamental Scientific Library | 28/12/2016 | PI/2153 | FL0079355 | 28/12/2016 | 28/12/2016 | Գրքեր / Books | 30 Days Loan | |||||||
| General | Fundamental Scientific Library | Fundamental Scientific Library | 26/06/2019 | PII/7302 | FL0590520 | 26/06/2019 | 26/06/2019 | Գրքեր / Books | 30 Days Loan | Universal Decimal Classification |
ՀՀ Գիտությունների ազգային ակադեմիայի հիմնարար գիտական գրադարան = Fundamental Scientific Library of NAS RA
All site content, except where otherwise noted, is licensed under a